000 00916nam a2200277Ia 4500
001 Para_8350
003 CHAP
008 220125s1917 xx 000 0 und d
010 _a207212
040 _cCHAP
082 _aPA-C 595.752 A6
100 _aHouser, J.S.
_956451
245 _aThe pink and green aphid of potato :
_b macrosephum solanifolii ashm /
_c by J.S. Houser, and T.L. Guyton and P.R. Lowsy
260 _aWooster, Ohio :
_b Ohio Agricultural Experiment Station
300 _a61-88 p.
440 _aAphidae; 13 Bulletin; 317
_9173742
500 _aEncuadernado con otros impresos similares
650 _a
_x Afididos
_x Colecciones de escritos
_x Macrosiphum euphorbiae
_x Papa
_x plagas
_9173743
901 _aPA-C 595.752 A6
902 _aA
905 _a0000001917 a 0000000000 00
910 _a1917
942 _cPARA
942 _cPARA
_d1
999 _c207212
_d207212